Co jsme si nikdy neřekli

Saved in:
Bibliographic Details
Main Author Yasmin, Rahmanová
Format Electronic eBook
LanguageCzech
Published Yoli 2025
Edition1. elektronické vydání
Subjects
Online AccessDostupné v BOOKPORT po přihlášení pomocí eduID
ISBN978-80-284-0503-8
978-80-284-0481-9
Physical Description1 online zdroj (440 stran)

Cover

LEADER 00000nam a2200000 i 4500
001 bkp792667328
003 CZ-prgp
005 20260505113819.0
006 m o d
007 cr cn
008 260505s2025 xr o 000 1 cze
020 |a 978-80-284-0503-8  |c 319 Kč  |q (online ; epub) 
020 |a 978-80-284-0481-9  |c 319 Kč  |q (print) 
040 |a Grada  |b cze  |e rda 
100 1 |a Yasmin, Rahmanová 
245 1 0 |a Co jsme si nikdy neřekli  |c Rahmanová Yasmin 
250 |a 1. elektronické vydání 
264 1 |b Yoli  |c 2025 
300 |a 1 online zdroj (440 stran) 
336 |a text  |b txt  |2 rdacontent 
337 |a počítač  |b c  |2 rdamedia 
338 |a online zdroj  |b cr  |2 rdacarrier 
520 3 |a Úzkost a deprese dohnaly šestnáctiletou Mehrín Miahovou na samotný kraj zoufalství. A tak se přihlásí na MementoMori - na server, který přiřazuje uživatele do skupin a určuje jim čas a provedení sebevraždy. Tam se Mehrín seznámí s dvěma dívkami, které se mají sejít a postupně splnit úkoly, které jim stránka uloží. Hned při prvním setkání se ukazuje, jak dobře si trojce rozumí a vznikne mezi nimi hluboké přátelství, které jim odhalí důležitou pravdu - společně jsou mnohem silnější než každá zvlášť. A pokud vyhledají pomoc, jejich životy se mohou změnit. Rozhodnou se proto dohodu se serverem MementoMori ukončit. Správce stránky je však nenechá odejít tak snadno, a tak začíná vražedně nebezpečná hra... Doporučený věk 15+ 
650 0 4 |a Young Adult, New Adult 
650 0 4 |a Beletrie pro děti 
856 4 0 |u https://www.bookport.cz/AccountSaml/SignIn/?idp=https://shibboleth.utb.cz/idp/shibboleth&returnUrl=/kniha/co-jsme-si-nikdy-nerekli-16036/  |y Dostupné v BOOKPORT po přihlášení pomocí eduID